| 000 | 00790nam a2200253 i 4500 | ||
|---|---|---|---|
| 001 | 6395 | ||
| 003 | ES-MaACL | ||
| 005 | 20250818070626.0 | ||
| 007 | t| | ||
| 008 | 891009s1988 fr |||| | fre d | ||
| 020 | _a2-85652-104-5 | ||
| 080 | _a323.27 | ||
| 080 | _a9(44)"1789/1799" | ||
| 100 | 1 |
_aDamenie, Louis. _942563 |
|
| 245 | 1 | 3 |
_aLa révolution _b: phenomène divin, mécanisme social ou complot diabolique? / _cLouis Damenie ; preface de Jacques Boislevant. |
| 250 | _a3e ed. | ||
| 260 |
_aParis : _bDominique Martin Morin, _c1988. |
||
| 300 |
_a162 p. ; _c19 cm. |
||
| 650 | 1 | 7 |
_aRevoluciones _2embne _916897 |
| 651 | 4 |
_aFrancia- _xHistoria- _y1789-1799, Revolución _9241176 |
|
| 700 | 1 |
_aBoislevant, Jacques. _929862 |
|
| 852 |
_aES-MaACL _jL-13529 |
||
| 999 |
_c6395 _d6395 |
||